000 02229nam a2200301 i 4500
001 9918782157304201
003 BJBSDDR
005 20260513163755.0
006 a|||||r|||| 00| 0
007 ta
008 260225s2020 xxu r 000 0 eng d
020 _a9780393541311
040 _aES-MaCSI
_bspa
_cBJBSDDR
041 _aeng
050 _bH773p 2020
100 1 _aHonigsbaum, Mark,
_d1960-
_948423
245 1 4 _aThe pandemic century :
_bone hundred years of panic, hysteria, and hubris /
_cMark Honigsbaum.
260 _aNew York, NY :
_bW. W. Norton & Company,
_c2020.
300 _a478 pages :
_billustrations ;
_c21 cm.
500 _aEn cubierta: "With a new chapter and updated epilogue on Coronavirus."
504 _aIncluye notas e índice.
505 _aContenidos : Prologue: Sharks and Other Predators The Blue Death Plague in the City of Angels The Great Parrot Fever Pandemic The “Philly Killer” Legionnaires’ Redux AIDS in America, AIDS in Africa SARS: “Super Spreader” Ebola at the Borders Z is for Zika Disease X (in later editions / COVID update) Epilogue: The Pandemic Century Also included: Notes Abbreviations Acknowledgments Index
520 _aHow can we understand the COVID-19 pandemic? Ever since the 1918 Spanish influenza pandemic, scientists have dreamed of preventing such catastrophic outbreaks of infectious disease. Yet despite a century of medical progress, viral and bacterial disasters continue to take us by surprise, inciting panic and dominating news cycles. In The Pandemic Century, a lively account of scares both infamous and less known, medical historian Mark Honigsbaum combines reportage with the history of science and medical sociology to artfully reconstruct epidemiological mysteries and the ecology of infectious diseases. We meet dedicated disease detectives, obstructive or incompetent public health officials, and brilliant scientists often blinded by their own knowledge of bacteria and viruses--and see how fear of disease often exacerbates racial, religious, and ethnic tensions.
650 7 _aEpidemiología
_xHistoria
_z19..-20..
_2CSICAU
650 7 _aErrores médicos
_xHistoria.
_2CSICAU
942 _2lcc
_n0
_cBK
946 _illh
999 _c127080
_d127080